Možnosti získavania údajov na meranie ekonomickej výkonnosti cestovného ruchu na regionálnej úrovni

Príspevok analyzuje súčasné možnosti získavania podkladových údajov na vykazovanie výkonnosti cestovného ruchu na regionálnej úrovni, poukazuje na komplexnosť a zložitosť predmetnej problematiky a načrtáva možnosti vytvorenia podmienok na systémové vykazovanie ekonomickej výkonnosti regiónu v cestov...

Descrizione completa

Salvato in:
Dettagli Bibliografici
Autore principale: Michálková, Anna, 1968-
Natura: Capitolo di libro
Lingua:slovacco
Soggetti:
Tags: Aggiungi Tag
Nessun Tag, puoi essere il primo ad aggiungerne!!

MARC

LEADER 00000nla a2200000 4500
001 0175270
005 20240502073005.0
041 0 |a slo 
044 |a SK 
245 1 0 |a Možnosti získavania údajov na meranie ekonomickej výkonnosti cestovného ruchu na regionálnej úrovni  |c Anna Michálková 
520 |a Príspevok analyzuje súčasné možnosti získavania podkladových údajov na vykazovanie výkonnosti cestovného ruchu na regionálnej úrovni, poukazuje na komplexnosť a zložitosť predmetnej problematiky a načrtáva možnosti vytvorenia podmienok na systémové vykazovanie ekonomickej výkonnosti regiónu v cestovnom ruchu. Príspevok sa opiera o analýzu dostupných informačných zdrojov na národnej úrovni a vychádzajúc z metodiky získavania zdrojov na tejto úrovni dedukuje možnosti potenciálnej dostupnosti údajov aj pre regionálnu úroveň a hľadá ďalšie možnosti naplnenia tejto východiskovej úlohy manažérskych funkcií regionálneho manažmentu cestovného ruchu. 
610 2 0 |a ruch cestovný regionálny 
610 2 0 |a výkonnosť 
610 2 0 |a ukazovatele výkonnosti 
610 2 0 |a výkazníctvo štatistické 
610 2 0 |a manažment 
100 1 |a Michálková, Anna, 1968-